[Event "ROM-ch U12 Boys"]
[Site "Voineasa"]
[Date "2008.04.16"]
[Round "7"]
[White "Simon, Emeric David"]
[Black "Ciobanu, Florin"]
[Result "0-1"]
[WhiteElo "401"]
[BlackElo "572"]
[PlyCount "46"]
[EventDate "2008.04.08"]
[EventType "swiss"]
[EventRounds "9"]
[EventCountry "ROU"]
[SourceTitle "EXT 2013"]
[Source "ChessBase"]
[SourceDate "2012.11.22"]
[SourceVersion "1"]
[SourceVersionDate "2012.11.22"]
[SourceQuality "1"]

1. e4 e5 2. Nf3 Nc6 3. Bb5 Nf6 4. d3 Bc5 5. h3 d5 6. exd5 Qxd5 7. Bc4 Qd6 8. 0-0 Be6 9. Bxe6 Qxe6 10. Ng5 Qe7 11. c3 h6 12. Ne4 Nxe4 13. dxe4 0-0 14. b4 Bb6 15. Be3 f5 16. Bxb6 axb6 17. g3 f4 18. gxf4 Rxf4 19. f3 Qh4 20. Qe1 Qxh3 21. Kf2 Qxf3+ 22. Kg1 Rg4+ 23. Kh2 Qg2# 0-1

[Event "ROM-ch U12 Boys"]
[Site "Voineasa"]
[Date "2008.04.15"]
[Round "6"]
[White "Ciobanu, Florin"]
[Black "Olteanu, Andrei Rares"]
[Result "1-0"]
[WhiteElo "572"]
[BlackElo "401"]
[PlyCount "51"]
[EventDate "2008.04.08"]
[EventType "swiss"]
[EventRounds "9"]
[EventCountry "ROU"]
[SourceTitle "EXT 2013"]
[Source "ChessBase"]
[SourceDate "2012.11.22"]
[SourceVersion "1"]
[SourceVersionDate "2012.11.22"]
[SourceQuality "1"]

1. e4 e5 2. Nf3 Nc6 3. Bc4 Bb4 4. a3 Bc5 5. d3 d6 6. Ng5 Be6 7. Bxe6 fxe6 8. Qf3 Qe7 9. 0-0 h6 10. Qh5+ g6 11. Qxg6+ Kd7 12. Nf7 Nd4 13. Ra2 Nf6 14. Nxh8 Rxh8 15. f4 Rg8 16. Qxh6 exf4 17. Rxf4 Rf8 18. b4 Ne2+ 19. Kh1 e5 20. bxc5 exf4 21. cxd6 Ng4 22. h3 cxd6 23. hxg4 Nxc1 24. Rb2 Ne2 25. Rxb7+ Kd8 26. Rxe7 1-0

[Event "ROM-ch U12 Boys"]
[Site "Voineasa"]
[Date "2008.04.13"]
[Round "3"]
[White "Muresan, Sergiu Cristian"]
[Black "Ciobanu, Florin"]
[Result "1-0"]
[WhiteElo "437"]
[BlackElo "572"]
[PlyCount "55"]
[EventDate "2008.04.08"]
[EventType "swiss"]
[EventRounds "9"]
[EventCountry "ROU"]
[SourceTitle "EXT 2013"]
[Source "ChessBase"]
[SourceDate "2012.11.22"]
[SourceVersion "1"]
[SourceVersionDate "2012.11.22"]
[SourceQuality "1"]

1. e4 e5 2. Nf3 Nc6 3. Bc4 Bc5 4. d3 h6 5. Nc3 Nf6 6. 0-0 d6 7. h3 Nd4 8. Nxd4 Bxd4 9. Ne2 g5 10. Nxd4 exd4 11. c3 dxc3 12. bxc3 g4 13. h4 Qe7 14. Rb1 Nh5 15. g3 Be6 16. Bxe6 Qxe6 17. Rxb7 Qd7 18. Be3 Qc8 19. Qb3 0-0 20. Bxh6 Re8 21. Rb1 Nf6 22. Qc4 Re7 23. Bg5 d5 24. exd5 Re1+ 25. Rxe1 Qxb7 26. Bxf6 Qb2 27. Qxg4+ Kf8 28. Qg7# 1-0